| 000 | 09559cam a22021014i 4500 | ||
|---|---|---|---|
| 003 | PE-LiUPU | ||
| 005 | 20250813165346.0 | ||
| 008 | 160219s2015 sp a rb 001 0 spa d | ||
| 020 | _a9788416228263 | ||
| 035 | _a(Sirsi) i9788416228263 | ||
| 040 |
_aBNM _bspa _erdc _cBNM _dPE-LiUPU _erda |
||
| 049 | _aPRUA | ||
| 082 | 0 | 4 |
_a628.3 _bH44 _220 |
| 100 | 1 |
_aHernández Muñoz, Aurelio, _eautor. |
|
| 245 | 1 | 0 |
_aDepuración y desinfección de aguas residuales / _cAurelio Hernández Muñoz. |
| 250 | _a6ta. edición revisada y ampliada. | ||
| 264 | 1 |
_aMadrid : _bGarceta, _c2015. |
|
| 300 |
_axxxiii, 1151 páginas : _bilustraciones ; _c24 centímetros. |
||
| 336 |
_atext _2rdacontent |
||
| 337 |
_aunmediated _2rdamedia |
||
| 338 |
_avolume _2rdacarrier |
||
| 490 | 1 |
_aColección Seinor; _v9 |
|
| 504 | _aBibliografía : páginas 1149-1151. | ||
| 504 | _aÍndice : páginas 1117-1147. | ||
| 505 | 0 | _aPolítica y normativa sobre la depuración de las aguas -- Contaminación y medio ambiente -- Definición de la contaminación de un curso de agua -- Efectos de la contaminación de un curso de agua -- Características fundamentales de una agua residual urbana -- Magnitud de los vertidos industriales -- Concentraciones en iones metálicos de los vertidos industriales -- Impurezas en las aguas naturales -- Contaminaciones dispersas -- Agricultura, cantidad de tóxicos utilizados -- Repartición y dosis de pesticidas -- Eliminación de plantas acuáticas -- Destrucción total de la vegetación acuática - Destrucción de la vegetación del fondo y parte sumergida -- Toxicidad comparativa -- Vehículos de la contaminación agrícola -- Barreras anticontaminación -- Nutrientes y eutrofización -- Criterios relativos a la calidad de agua y su depuración -- Legislación, factores estructurales -- Recomendaciones y normativa de la U.E. sobre depuración -- Contaminación y ciclo de uso del agua -- Base para establecer el nivel de depuración -- Normativa aplicable a la depuración -- Objetivos -- Principios y directrices -- Normas aplicables en los países de la U.E. --Normas aplicables en España -- Autodepuración de los ríos -- Capacidad receptora de un cauce -- Concepto de autodepuración de los ríos y la depuración de las aguas -- Proceso de autodepuración -- Proceso de depuración -- Procesos físicos -- Procesos químicos -- Procesos biológicos -- Ciclos en el proceso de la autodepuración -- Consideraciones biológicas en la autodepuración -- Ecosistema de un río -- El crenon -- El potamon -- Los microrganismos en el agua -- Criterios de clasificación de los cauces -- Forma del río -- Profundidad de la lámina de agua -- Características químicas -- Calidad de las aguas -- Índices de calidad -- Índice de calidad I.S.Q.A -- Índice de calidad según usos -- Clasificación Taxonómica (Patrick) -- Fases del proceso de autodepuración -- Zona de degradación - Zona de descomposición activa -- Zona de recuperación -- Zona de agua limpia -- Modelos de cauces -- Modelos de oxígeno -- Aportación de oxígeno -- Aportación del cauce y aportación del vertido -- Reaireación superficial -- Acción fotosintética -- Otros factores del balance del oxígeno -- Consumo de oxígeno -- Desoxigenación por biodegradación de la materio orgánica. | |
| 526 | _aP203 | ||
| 526 | _aP200 | ||
| 526 | _aSEG65 | ||
| 526 | _aSEG64 | ||
| 526 | _aSEG63 | ||
| 526 | _aSEG62 | ||
| 526 | _aSEG61 | ||
| 526 | _aSEG60 | ||
| 526 | _aSEG59 | ||
| 526 | _aSEG58 | ||
| 526 | _aSEG57 | ||
| 526 | _aSEG56 | ||
| 526 | _aSEG55 | ||
| 526 | _aSEG54 | ||
| 526 | _aSEG53 | ||
| 526 | _aSEG52 | ||
| 526 | _aSEG51 | ||
| 526 | _aSEG50 | ||
| 526 | _aSEG49 | ||
| 526 | _aSEG48 | ||
| 526 | _aSEG47 | ||
| 526 | _aSEG46 | ||
| 526 | _aSEG24 | ||
| 526 | _aSEG23 | ||
| 526 | _aSEG22 | ||
| 526 | _aSEG21 | ||
| 526 | _aSEG20 | ||
| 526 | _aSEG19 | ||
| 526 | _aSEG18 | ||
| 526 | _aSEG17 | ||
| 526 | _aSEG16 | ||
| 526 | _aSEG14 | ||
| 526 | _aSEG13 | ||
| 526 | _aSEG12 | ||
| 526 | _aSEG11 | ||
| 526 | _aSEG10 | ||
| 526 | _aSEG09 | ||
| 526 | _aSEG06 | ||
| 526 | _aSEG05 | ||
| 526 | _aSEG04 | ||
| 526 | _aSEG03 | ||
| 526 | _aSEG02 | ||
| 526 | _aSEG68 | ||
| 526 | _aSEG66 | ||
| 526 | _aSEG45 | ||
| 526 | _aSEG25 | ||
| 526 | _aSEG01 | ||
| 526 | _aP163 | ||
| 526 | _aP162 | ||
| 526 | _aP161 | ||
| 526 | _aP160 | ||
| 526 | _aP159 | ||
| 526 | _aP158 | ||
| 526 | _aP157 | ||
| 526 | _aP156 | ||
| 526 | _aP155 | ||
| 526 | _aP154 | ||
| 526 | _aP153 | ||
| 526 | _aP152 | ||
| 526 | _aP151 | ||
| 526 | _aP150 | ||
| 526 | _aP149 | ||
| 526 | _aP142 | ||
| 526 | _aP141 | ||
| 526 | _aP140 | ||
| 526 | _aP139 | ||
| 526 | _aP138 | ||
| 526 | _aP137 | ||
| 526 | _aP132 | ||
| 526 | _aP131 | ||
| 526 | _aP130 | ||
| 526 | _aP126 | ||
| 526 | _aP125 | ||
| 526 | _aP124 | ||
| 526 | _aP123 | ||
| 526 | _aP115 | ||
| 526 | _aP122 | ||
| 526 | _aP121 | ||
| 526 | _aP116 | ||
| 526 | _a P114 | ||
| 526 | _aP112 | ||
| 526 | _aP111 | ||
| 526 | _aP104 | ||
| 526 | _aP103 | ||
| 526 | _aP102 | ||
| 526 | _aP101 | ||
| 526 | _aP100 | ||
| 526 | _aP96 | ||
| 526 | _aP95 | ||
| 526 | _aP93 | ||
| 526 | _aP92 | ||
| 526 | _aP91 | ||
| 526 | _aP88 | ||
| 526 | _aP83 | ||
| 526 | _aP82 | ||
| 526 | _aP79 | ||
| 526 | _aP78 | ||
| 526 | _aP75 | ||
| 526 | _aP74 | ||
| 526 | _aP71 | ||
| 526 | _aP69 | ||
| 526 | _a P51 | ||
| 526 | _aP49 | ||
| 526 | _aP48 | ||
| 526 | _aP47 | ||
| 526 | _aP33 | ||
| 526 | _aP31 | ||
| 526 | _a P30 | ||
| 526 | _aP29 | ||
| 526 | _aP27 | ||
| 526 | _aP26 | ||
| 526 | _aP25 | ||
| 526 | _aP24 | ||
| 526 | _a P22 | ||
| 526 | _aP10 | ||
| 526 | _aP09 | ||
| 526 | _a P08 | ||
| 526 | _aP06 | ||
| 526 | _aP05 | ||
| 526 | _aP04 | ||
| 526 | _aP01 | ||
| 541 | _g0020-0000647; | ||
| 541 | _g0024188; | ||
| 541 | _g001-0042329; | ||
| 541 | _g002-00000049; | ||
| 541 | _gF002-00000291; | ||
| 541 | _g423-0000045; | ||
| 650 | 0 | 4 |
_aAguas residuales _xTratamiento. |
| 650 | 0 | 4 |
_aSewage water _xTreatment. |
| 910 |
_armch _btqv _crmch _d20170719 |
||
| 910 |
_ajck _bncf _cncf _d20170731 |
||
| 910 |
_adbm _wmm _wmm _20180518 |
||
| 910 |
_armch _btqv _cjfb _d20180802 |
||
| 910 |
_agavs _d20180921 |
||
| 942 |
_2ddc _cBOOK |
||
| 949 |
_a628.3 H44 _wDEWEY _c1 _i74009 _d2016-10-30 _e2016-10-28 _lCCODEBUL1 _mBUL _n1 _p86.84 _r0 _sY _tBOOK _u2016-7-8 _xINGENIERIA _PP24 _0COMPRA _o.STAFF. Colección Ingeniería y Arquitectura |
||
| 949 |
_a628.3 H44 2015 _wDEWEY _c1 _iFJ08105 _lCCODEBUJ1 _mBUJ _n1 _p66.68 _r0 _sY _tBOOK _u2017-7-19 _xINGENIERIA _PP24 _0COMPRA _o.STAFF. Colección General Juliaca |
||
| 949 |
_a628.3 H44 2015 _wDEWEY _c2 _iFJ11227 _lCCODEBUJ1 _mBUJ _p95.45 _r0 _sY _tBOOK _u2018-08-02 _xINGENIERIA _PP24 _0COMPRA _o.STAFF. Colección General Juliaca |
||
| 949 |
_a628.3 H44 2015 _wDEWEY _c1 _iFT03881 _lCCODEBUT1 _mBUT _p{dolar}216.70 _r0 _sY _tBOOK _u2018-09-21 _xFIA _PP24 _0COMPRA _o.STAFF. Colección General Tarapoto |
||
| 994 |
_aC0 _bPEPRU |
||
| 596 | _a1 2 3 | ||
| 999 |
_a628.3 H44 _wDEWEY _c10498 _i74009 _d10498 _e2017-8-21 _f2021-11-9 _g7 _lCCODEBUL1 _mBUL _n2 _p86.84 _q1 _r0 _sY _tBOOK _u2016-7-8 _xINGENIERIA _PP24 _0COMPRA _o.STAFF. Colección Ingeniería y Arquitectura |
||
| 999 |
_a628.3 H44 _wDEWEY _c2 _i76621 _d2017-8-31 _e2017-8-27 _f2021-11-9 _g4 _lCCODEBUL1 _mBUL _n3 _p96.17 _r0 _sY _tBOOK _u2017-7-31 _xINGENIERIA _PP24 _0COMPRA _o.STAFF. Colección Ingeniería y Arquitectura |
||
| 999 |
_a628.3 H44 _wDEWEY _c3 _i76622 _d2017-10-23 _e2017-10-20 _f2021-11-9 _g4 _lCCODEBUL1 _mBUL _n1 _p96.17 _r0 _sY _tBOOK _u2017-7-31 _xINGENIERIA _PP24 _0COMPRA _o.STAFF. Colección Ingeniería y Arquitectura |
||
| 999 |
_a628.3 H44 _wDEWEY _c4 _i78023 _f2021-11-9 _g4 _lCCODEBUL1 _mBUL _p98.12 _r0 _sY _tBOOK _u2018-1-16 _xINGENIERIA _PP24 _0COMPRA _o.STAFF. Colección Ingeniería y Arquitectura |
||
| 999 |
_a628.3 H44 _wDEWEY _c5 _i78024 _d2018-4-20 _f2021-11-9 _g4 _lCCODEBUL1 _mBUL _p98.12 _q1 _r0 _sY _tBOOK _u2018-1-16 _xINGENIERIA _PP24 _0COMPRA _o.STAFF. Colección Ingeniería y Arquitectura |
||
| 999 |
_a628.3 H44 _wDEWEY _c6 _i78540 _f2021-11-9 _g4 _lCCODEBUL1 _mBUL _p95.76 _r0 _sY _tBOOK _u2018-5-18 _xINGENIERIA _PP24 _0COMPRA _1FCOMPRA _o.STAFF. Colección Ingeniería y Arquitectura |
||
| 999 |
_a628.3 H44 _wDEWEY _c7 _i78541 _d2019-4-23 _f2021-11-9 _g4 _lCCODEBUL1 _mBUL _p95.76 _q3 _r0 _sY _tBOOK _u2018-5-18 _xINGENIERIA _PP24 _0COMPRA _1FCOMPRA _o.STAFF. Colección Ingeniería y Arquitectura |
||
| 999 |
_a628.3 H44 2015 _wDEWEY _c1 _iFJ08105 _d2019-6-14 _e2019-3-24 _f2022-1-26 _g4 _lCCODEBUJ1 _mBUJ _n8 _p66.68 _q12 _r0 _sY _tBOOK _u2017-7-19 _xINGENIERIA _PP24 _0COMPRA _o.STAFF. Colección General Juliaca |
||
| 999 |
_a628.3 H44 2015 _wDEWEY _c2 _iFJ11227 _d2019-9-30 _f2022-1-26 _g3 _lCCODEBUJ1 _mBUJ _p95.45 _q10 _r0 _sY _tBOOK _u2018-8-1 _xINGENIERIA _PP24 _0COMPRA _1FCOMPRA _o.STAFF. Colección General Juliaca |
||
| 999 |
_a628.3 H44 2015 _wDEWEY _c1 _iFT03881 _d2019-8-21 _e2019-8-19 _f2019-2-20 _g1 _lCCODEBUT1 _mBUT _n1 _p216.70 _r0 _sY _tBOOK _u2018-9-21 _xINGENIERIA _PP24 _0COMPRA _1FCOMPR2 _o.STAFF. Colección General Tarapoto |
||
| 980 |
_81 _gALBERTO SANCHEZ Responsable de Automatización |
||